000 00548nam a2200193Ia 4500
003 0100
008 130303s9999 xx 000 0 und d
040 _cARRUPELIB
050 _aJC578.P45 1992
245 _aJustice between age groups and generations
260 _aNew Haven
260 _bYale UP
260 _C1992
440 _aphilosophy, politics, and society, sixth series
650 _bZimbabwe - Social life & customs
650 _cZimbabwe - History - 1980-
700 _aLaslett, Peter and Fishkin, James S. (eds.)
942 0 0 _06
999 _c19714
_d19714